000 00479nam a2200157 i 4500
001 83288
003 ES-MaACL
005 20230906174815.0
007 t|
008 041116s1978 sp ||||1| spa d
245 0 0 _aReseña estadística provincial
_b: Toledo /
_cInstituto Nacional de Estadística.
260 _aMadrid :
_b[s.n.,
_c1978]
300 _aX, 234 p. ;
_c27 cm.
710 2 _aInstituto Nacional de Estadística (España)
_95162
852 _aES-MaACL
_jA-8386
_bR.98089
999 _c83288
_d83288